000 004040000a22001570004500
020 _a84-8280-176-7
041 0 _aSPA
082 0 4 _aG 861.3 Q58a
100 1 _aQuevedo, Francisco de
245 1 0 _aAntología poética / Francisco de Quevedo
260 _aBogotá, Colombia : Oveja Negra
300 _a159 Pag
440 0 _aColección Historia Universal de la Literatura
001 13087
942 _cBK
999 _c42080
_d42080